| 000 | 00554nam a22001937a 4500 | ||
|---|---|---|---|
| 003 | OSt | ||
| 005 | 20140310181747.0 | ||
| 008 | 130622t xxu||||| |||| 00| 0 eng d | ||
| 020 | _a9781844894468 | ||
| 050 |
_aPN 2037 _b.V496 2008 |
||
| 082 |
_aIB 792 _bV58 2008 |
||
| 245 |
_aDrama & theatre studies : _bedexcel advanced / _cRichard Vergette |
||
| 260 |
_aDeddington, Oxfordshire : _bBookpoint Ltd, _cc2008. |
||
| 300 |
_axii, 252 p. _bill. (some col.) ; _c24 cm. |
||
| 521 | _aIB Students | ||
| 541 | _j1 | ||
| 562 | _e1 | ||
| 942 |
_2lcc _cIB _kIB |
||
| 999 |
_c3029 _d3029 |
||